00699nam a22002177a 450000500170000001000130001702000220003003500130005203700160006504000120008108200150009310000180010824500800012626000400020627000590024630000330030550000500033865000600038865000150044870000180046320170124110210.0 aA-947562 c00.00a8173711305 aA-947562 bCen Lib/Ret aDPLbEN a509.2bGRI aGribbin, John aRichard Feynman : cby John Gribbin [and] Mary Gribbinba life in science / aHyderabadbUniversities Pressc1997 a3-5-819, Hyderguda, HyderabadbAndhra Pradeshe500 029 axvii,301p. :c21cm(Hb)bill. aIncludes bibliographical references and index aFeynman, Richard P. -- (Richard Phillips), -- 1918-1988 aPhysicists aGribbin, Mary